Kỹ thuật xây dựng ứng dụng ASP.net
Nội dung gồm có: tham khảo toàn diện về ASP.net ; mở rộng chủ đề CSDL ; kỹ thuật nâng cao diều khiển hiển thị dữ liệu ; gởi email, xử lý file, điều khiển lỗi ; Các vấn đề bảo mật trong ứng dụng ; Membership, role, profile, session, cookies... ;...
Bewaard in:
| Hoofdauteur: | |
|---|---|
| Formaat: | Boek |
| Taal: | Undetermined |
| Gepubliceerd in: |
Hà Nội
Lao động - Xã hội
2008
|
| Onderwerpen: | |
| Tags: |
Voeg label toe
Geen labels, Wees de eerste die dit record labelt!
|
| Thư viện lưu trữ: | Trung tâm Học liệu Trường Đại học Cần Thơ |
|---|
| LEADER | 01140nam a2200217Ia 4500 | ||
|---|---|---|---|
| 001 | CTU_136052 | ||
| 008 | 210402s9999 xx 000 0 und d | ||
| 020 | |c 78000 | ||
| 082 | |a 005.276 | ||
| 082 | |b L121/T.2 | ||
| 100 | |a Nguyễn, Văn Lân | ||
| 245 | 0 | |a Kỹ thuật xây dựng ứng dụng ASP.net | |
| 245 | 0 | |c Nguyễn Văn Lân | |
| 260 | |a Hà Nội | ||
| 260 | |b Lao động - Xã hội | ||
| 260 | |c 2008 | ||
| 520 | |a Nội dung gồm có: tham khảo toàn diện về ASP.net ; mở rộng chủ đề CSDL ; kỹ thuật nâng cao diều khiển hiển thị dữ liệu ; gởi email, xử lý file, điều khiển lỗi ; Các vấn đề bảo mật trong ứng dụng ; Membership, role, profile, session, cookies... ; chi tiết xây dựng ứng dụng bộ blog. | ||
| 650 | |a Web sites,Computer software,Computer software,Phần mềm ứng dụng | ||
| 650 | |x Authoring programs,Active server pages,Development,Phát triển | ||
| 904 | |i Trọng Hiếu | ||
| 980 | |a Trung tâm Học liệu Trường Đại học Cần Thơ | ||